| 000 | 01513cam a2200217 4500 | ||
|---|---|---|---|
| 001 | 2188 | ||
| 005 | 20230410120839.0 | ||
| 008 | 060907n1998 nyu eng | ||
| 020 | _a0745622666 | ||
| 035 | _9funglode2196 | ||
| 041 | _aeng | ||
| 050 | 1 | 4 |
_aHX 73 _bG453t 1998 |
| 100 | 1 | _aGiddens, Anthony | |
| 245 | 1 | 4 |
_aThe third way : _bthe renewal of social democracy / _cAnthony Giddens |
| 260 |
_aNew York : _bPolity Press, _c1998 |
||
| 300 | _ax, 166 p. | ||
| 520 | _aSocialism and after, 1. -- The death of socialism, 3. -- Old - style social democracy, 8. -- The neoliberal outlook, 11. -- The doctines compared, 14. -- The recent of political support, 20. -- The fate of social democracy, 23. -- Five dilemmas, 27. -- Globalization, 28. -- Individualism, 34. -- Left and right, 37. -- Political agency, 46. -- Ecological issues, 54. -- Third way politics, 64. -- State and civil society, 69. -- Democratizing democracy, 70. -- The question of civil society, 78. -- Crime and community, 86. -- The democratic family, 89. -- The social investment state, 99. -- The meaning of equality, 101. -- Inclusion and exclusion, 104. -- A society of positive welfare, 111. -- Social investment strategies, 118. -- Into the global age, 129. -- The cosmopolitan nation, 130. -- Cultural pluralism, 133. -- Cosmopolitan democracy, 138. -- The european Union, 141. -- Global governance, 144. -- Market fundamentalism on a world scale, 147 | ||
| 650 | 0 | _aPost-communism. | |
| 650 | 0 | _aSocialism. | |
| 942 |
_2lcc _cbk |
||
| 999 |
_c53023 _d53023 |
||